| 000 | 00401nam a2200145 i 4500 | ||
|---|---|---|---|
| 001 | bg | ||
| 100 | 1 | _aKUVSINSKIJ, M. N. | |
| 245 | 0 |
_aKursovoe proektirovanie po predmetu processy i apparaty chimiceskoj... / _cM.N. Kuvsinskij, A.P. Soboleva. |
|
| 260 |
_aMoskva, _c1980. |
||
| 700 | 1 | _aSOBOLEVA, A. P. | |
| 040 | _cBPK | ||
| 041 | _apol | ||
| 942 | _cKS | ||
| 008 | s pl f |000 0 pol | ||
| 999 |
_c23835 _d23835 |
||
| 856 |
_uhttp://koha.tu.koszalin.pl/cgi-bin/koha/opac-detail.pl?biblionumber=23835 _yKatalog online BPK |
||